Asian rice bowls: the returning crisis?

Salvato in:
Dettagli Bibliografici
Autore principale: P L Pingali
Natura: Libro
Lingua:Undetermined
Pubblicazione: Manila IRRI 1997
Soggetti:
Tags: Aggiungi Tag
Nessun Tag, puoi essere il primo ad aggiungerne! !
Thư viện lưu trữ: Trung tâm Học liệu Trường Đại học Cần Thơ
LEADER 00569nam a2200181Ia 4500
001 CTU_23017
008 210402s9999 xx 000 0 und d
082 |a 338.17318 
082 |b P653 
100 |a P L Pingali 
245 0 |a Asian rice bowls: the returning crisis? 
245 0 |c P L Pingali, IRRI, M Hossain, R V Gerpacio 
260 |a Manila 
260 |b IRRI 
260 |c 1997 
650 |a rice - asia,rice - economic aspects - asia,rice - trade - asia 
904 |i Nguyễn Quang Điền, 980713 
980 |a Trung tâm Học liệu Trường Đại học Cần Thơ